[Event "EU-chT (Women)"]
[Site "Pula"]
[Date "1997.??.??"]
[Round "3"]
[White "Danielian, Elina"]
[Black "Brustman, Agnieszka"]
[Result "1-0"]
[WhiteElo "2345"]
[BlackElo "2415"]

1.d4 Nf6 2.Bg5 d5 3.Nf3 Nbd7 4.Nbd2 g6 5.e3 Bg7 6.c3 O-O 7.b4 Re8 8.Be2 e5
9.Nb3 Qe7 10.a3 c6 11.O-O Qf8 12.Rc1 Ne4 13.Bh4 h6 14.c4 g5 15.Bg3 Nxg3 16.hxg3 e4
17.Nfd2 f5 18.Na5 Nf6 19.Qb3 Qd6 20.b5 Rf8 21.bxc6 bxc6 22.Qa4 Bd7 23.Nb7 Qe7
24.Nc5 Be8 25.Rb1 Qd6 26.Qa6 f4 27.gxf4 gxf4 28.cxd5 fxe3 29.fxe3 Qg3 30.Rb3 Nxd5
31.Ncxe4 Rxf1+ 32.Bxf1 Qh4 33.Nf2 Bd7 34.Nf3 Qe7 35.e4 Nf4 36.Rb7 Ne6 37.Rxa7 Rf8
38.Qb7 Rf7 39.Bc4 Qf6 40.Ra8+ Bf8 41.Qb8 h5 42.Qe5 Qh6 43.Bxe6 Bxe6 44.Qg5+ Kh7
45.a4 Bg4 46.Nxg4 hxg4 47.Qxg4 Rg7 48.Qf5+ Rg6 49.Rxf8 Qc1+ 50.Kh2 Qh6+ 51.Qh3  1-0

[Event "EU-chT (Men)"]
[Site "Pula"]
[Date "1997.??.??"]
[Round "6"]
[White "Guliev, Sarhan"]
[Black "Kotronias, Vasilios"]
[Result "0-1"]
[WhiteElo "2425"]
[BlackElo "2590"]

1.d4 Nf6 2.Bg5 c5 3.e3 Ne4 4.Bf4 d6 5.Nd2 Nxd2 6.Qxd2 Nd7 7.Qc3 cxd4 8.exd4 e6
9.Nf3 Be7 10.Bd3 O-O 11.O-O Nf6 12.Qd2 b6 13.Rfe1 Bb7 14.Qe2 a6 15.a4 Re8
16.c3 h6 17.h3 Bf8 18.Bc2 Qc7 19.Nd2 Qc6 20.Qf3 Qxf3 21.Nxf3 b5 22.Nd2 b4
23.c4 a5 24.Bd3 e5 25.Be3 g6 26.f4 exd4 27.Bxd4 Bg7 28.f5 g5 29.Nb3 Rxe1+
30.Rxe1 Bc6 31.Ra1 Nd7 32.Bxg7 Kxg7 33.Nd4 Nc5 34.Bc2 Bd7 35.b3 Re8 36.Kf2 Kf6
37.Rd1 Ke7 38.h4 gxh4 39.Rh1 d5 40.cxd5 Kd6 41.Rxh4 Kxd5 42.Nf3 Bc8 43.Rxh6 Ba6
44.Bd1 Bd3 45.g4 Ne4+ 46.Ke3 Bb1 47.Rb6 Nc3+ 48.Kd2 Kc5 49.Ra6 Rd8+ 50.Ke3 Rxd1
51.g5 Rd3+ 52.Kf4 Nd5+ 53.Kg4 Ne3+ 54.Kf4 Nxf5 55.Rxa5+ Kd6 56.Ra6+ Ke7 57.Rb6 Nd4
58.Ne5 Ne6+ 59.Kg4 Rd4+ 60.Kh5 Kf8 61.g6 Rd5 62.Kh6 Rxe5 63.Rb8+ Ke7 64.Rb7+ Kd6
65.gxf7 Rf5 66.a5 Nd8 67.a6 Be4 68.Rxb4 Nxf7+ 69.Kg7 Bc6 70.a7 Ne5 71.Ra4 Ba8
72.Ra6+ Nc6 73.Kg6 Ra5 74.Rxa5 Nxa5  0-1

[Event "ISL-chT"]
[Site "Reykjavik"]
[Date "1997.??.??"]
[Round "?"]
[White "Einarsson, Einar Kristinn"]
[Black "Gretarsson, Andri A"]
[Result "0-1"]
[WhiteElo "2100"]
[BlackElo "2315"]

1.d4 Nf6 2.Bg5 d5 3.Nc3 Nbd7 4.Nf3 b6 5.Ne5 Bb7 6.e3 c6 7.Bd3 e6 8.Qf3 Be7
9.e4 Nxe5 10.dxe5 Nd7 11.Bxe7 Qxe7 12.Qg3 d4 13.Nd1 O-O-O 14.O-O Rdg8 15.a3 h5
16.f4 g5 17.f5 Qc5 18.b4 Qxe5 19.Qf2 g4 20.Qe2 Qd6 21.Nb2 b5 22.a4 a6 23.axb5 cxb5
24.c4 dxc3 25.Rfc1 Kb8 26.Rxc3 Qd4+  0-1

[Event "Salsomaggiore op"]
[Site "Salsomaggiore"]
[Date "1997.??.??"]
[Round "3"]
[White "Oppici, Gabriele"]
[Black "Pipitone, Antonio"]
[Result "1-0"]
[WhiteElo "2005"]
[BlackElo "2065"]

1.d4 Nf6 2.Bg5 d5 3.Nf3 e6 4.e4 c5 5.c3 Nc6 6.Bd3 h6 7.Bh4 Be7 8.Nbd2 cxd4
9.exd5 Qc7 10.O-O g5 11.Bg3 Bd6 12.Re1 Bxg3 13.fxg3 Bd7 14.Ne5 Nxe5 15.Rxe5 Bc6
16.Re1 Qe7 17.Nf3 Nd7 18.Qe2 O-O 19.Bc2 Rae8 20.g4 a6 21.a4 Qf6 22.Qd3 Qg7
23.Re3 Nf6 24.Ne5 Bd7 25.Rf1 Re7 26.Rxf6 Bxa4 27.b3 Bxb3 28.Bb1 Ba2 29.Ref3 Bxb1
30.Qxb1 b5 31.Ng6 Rc7 32.Nxf8 Rxc3 33.Rxf7  1-0

[Event "Schwaebisch Gmuend op"]
[Site "Schwaebisch Gmuend"]
[Date "1997.??.??"]
[Round "1"]
[White "Freitag, H."]
[Black "Schoenberger, Peter"]
[Result "0-1"]
[WhiteElo "1740"]
[BlackElo "2005"]

1.d4 Nf6 2.Bg5 g6 3.Bxf6 exf6 4.e3 Bg7 5.Bd3 b6 6.Ne2 Bb7 7.O-O f5 8.Nd2 O-O
9.c4 Qg5 10.Nf4 Nc6 11.Nf3 Qd8 12.a3 Re8 13.Qc2 Ne7 14.d5 c6 15.Qb3 cxd5
16.cxd5 Nc8 17.Rac1 Nd6 18.Qb4 Ne4 19.Bxe4 Rxe4 20.Qb3 Rc8 21.h4 Ba6 22.Rfd1 Rec4
23.Rxc4 Bxc4 24.Qb4 a5 25.Qd2 Qf6 26.b4 Bb3 27.Rc1 Rxc1+ 28.Qxc1 Qc3 29.Qxc3 Bxc3
30.bxa5 bxa5 31.Nd4 Bxd4 32.exd4 Bc4 33.f3 f6 34.g4 fxg4 35.fxg4 g5 36.Nh5 Kf7
37.d6 Be2 38.hxg5 fxg5 39.Ng3 Bxg4 40.Ne4 h6 41.Nc5 Bf5 42.Nb7 Ke6 43.Kf2 Be4
44.Nxa5 Bd5 45.Ke3 Kxd6 46.Kd3 Kc7 47.Nc4 Bxc4+ 48.Kxc4 h5 49.Kd3 d5  0-1

[Event "Seefeld op"]
[Site "Seefeld"]
[Date "1997.??.??"]
[Round "?"]
[White "Neuhoff, Robert"]
[Black "Mahn, Franko"]
[Result "0-1"]
[WhiteElo "1980"]
[BlackElo "2200"]

1.d4 Nf6 2.Bg5 g6 3.Bxf6 exf6 4.c4 f5 5.e3 Bg7 6.Nc3 O-O 7.g3 d6 8.Bg2 Nd7
9.Nge2 c6 10.Rc1 Nf6 11.O-O Re8 12.Nf4 Ne4 13.Qd3 Qe7 14.Rfe1 Bd7 15.f3 Nf6
16.Qd2 Bh6 17.Bf1 Rad8 18.b4 Bc8 19.Kf2 g5 20.Ng2 g4 21.f4 Bg7 22.Bd3 Ne4+
23.Nxe4 fxe4 24.Bc2 Bf6 25.Bb3 h5 26.Rh1 Kg7 27.Rcg1 Rh8 28.Ne1 h4 29.Nc2 Rh5
30.d5 Rdh8 31.Qd1 cxd5 32.cxd5 Qc7 33.Ke2 Qc3 34.gxh4 Rxh4 35.Rg2 Kf8 36.Kf2 Rh3
37.Rhg1 Rxh2 38.Rxh2 Rxh2+ 39.Rg2 Rh3 40.Kg1 Bd7 41.Rh2 Rf3  0-1

[Event "SLO-chT sf"]
[Site "Skofja Loka"]
[Date "1997.??.??"]
[Round "?"]
[White "Piskur, Mitja"]
[Black "Milosevic, Rade"]
[Result "1-0"]
[WhiteElo "2260"]
[BlackElo "2165"]

1.d4 Nf6 2.Bg5 g6 3.Bxf6 exf6 4.e3 Bg7 5.Bd3 O-O 6.Nd2 Re8 7.c3 f5 8.Qf3 c5
9.Ne2 Nc6 10.O-O b6 11.Qg3 Bb7 12.h4 Qb8 13.Qxb8 Raxb8 14.Rfe1 Bh6 15.Nf3 Re7
16.Nf4 Bxf4 17.exf4 Rxe1+ 18.Rxe1 cxd4 19.Nxd4 Nxd4 20.cxd4 Rc8 21.f3 Bd5
22.a3 Kf8 23.Kf2 Bb3 24.g4 fxg4 25.fxg4 Rc6 26.Be4 Rc7 27.Re3 Bd1 28.g5 Bc2
29.Bd5 Ba4 30.Rc3 Rxc3 31.bxc3 Bc6 32.Bb3 f6 33.Ke3 f5 34.d5 Bb7 35.d6 Kg7
36.Kd4 h5 37.Ke5 Bc6 38.Bc4 Ba4 39.Bd5 Bb5 40.Bb7 Kf7 41.Bd5+ Kg7 42.Ba2 Bc6
43.Bb3 Bb5 44.Bd5 Ba6 45.c4 Bc8 46.a4 Ba6 47.Kd4 Kf8 48.c5 bxc5+ 49.Kxc5 Ke8
50.Kd4 Kf8 51.Ke5 Kg7 52.Bc6 Bc8 53.Bb5 Kf7 54.a5 Kg7 55.a6 Kf7 56.Bd3 Kg7
57.Bc4 Kh8 58.Kf6 Kh7 59.Ke7  1-0

[Event "ROM-chT2"]
[Site "Sovata"]
[Date "1997.??.??"]
[Round "?"]
[White "Dumitrescu, Dragos"]
[Black "Rogozenko, Dorin"]
[Result "1/2-1/2"]
[WhiteElo "2410"]
[BlackElo "2490"]

1.d4 Nf6 2.Bg5 c5 3.Bxf6 gxf6 4.d5 Qb6 5.Qc1 f5 6.g3 Bg7 7.c3 d6 8.Bg2 Nd7
9.Nh3 Nf6 10.O-O O-O 11.Na3 e6 12.Rd1 e5 13.Qc2 Qa6 14.Qd3 Qxd3 15.Rxd3 Rd8
16.f4 e4 17.Rd2 Rb8 18.Nc2 b5 19.Nf2 a5 20.Ne3 h5 21.Bh3 Ng4 22.Bxg4 hxg4
23.Kg2 Kh7 24.Rh1 Kg6 25.h3 gxh3+ 26.Rxh3 a4 27.Nfd1 Rh8 28.Rxh8 Bxh8 29.a3 Bf6
30.Nc2 Ba6 31.Kf2 Rh8 32.Kg2 Rc8 33.Kf2  1/2-1/2

[Event "ROM-chT2"]
[Site "Sovata"]
[Date "1997.??.??"]
[Round "?"]
[White "Dumitrescu, Dragos"]
[Black "Manolache, Marius"]
[Result "1/2-1/2"]
[WhiteElo "2410"]
[BlackElo "2370"]

1.d4 Nf6 2.Bg5 c5 3.Bxf6 gxf6 4.d5 Qb6 5.Qc1 Bh6 6.e3 f5 7.g3 Na6 8.Nd2 Qf6
9.Bg2 d6 10.Ne2 Nc7 11.O-O Bg7 12.c3 e5 13.dxe6 fxe6 14.e4 O-O 15.Qc2 d5
16.exd5 Nxd5 17.Qb3 Kh8 18.Rad1 Nb6 19.Nc4 e5 20.Rd6 Be6 21.Nxb6 Bxb3 22.Rxf6 Bxf6
23.Nxa8 Bc4 24.Re1 Rxa8 25.b3 Bxe2 26.Rxe2 e4 27.Bh3 f4 28.Rxe4 fxg3 29.hxg3 Bxc3
30.Re7 Rf8 31.Kg2 b5 32.Rxa7 Bd4 33.f4 c4 34.Rc7 Ra8 35.Bf5 Rxa2+ 36.Kh3 Ra7
37.Rc8+ Kg7 38.bxc4 bxc4 39.Rxc4 Bf6 40.Rc6 h6 41.Kg4 Re7 42.Be6 Kg6 43.Kf3 h5  1/2-1/2

[Event "St Heliers op"]
[Site "St Heliers"]
[Date "1997.??.??"]
[Round "3"]
[White "Gunter, David WW"]
[Black "Hirmann, Peter"]
[Result "1-0"]
[WhiteElo "2145"]
[BlackElo "2060"]

1.d4 Nf6 2.Bg5 g6 3.Bxf6 exf6 4.c4 Bb4+ 5.Nc3 Bxc3+ 6.bxc3 d6 7.e3 O-O 8.Bd3 Nc6
9.h4 Qe7 10.h5 Kg7 11.Qf3 Qd7 12.h6+  1-0

[Event "White Nights op"]
[Site "St Petersburg"]
[Date "1997.??.??"]
[Round "?"]
[White "Popov, Valerij"]
[Black "Petkevich, Jusefs"]
[Result "1/2-1/2"]
[WhiteElo "2430"]
[BlackElo "2455"]

1.d4 Nf6 2.Bg5 d5 3.Bxf6 exf6 4.e3 Bd6 5.Bd3 O-O 6.Nd2 Re8 7.Qf3 Be6 8.Ne2 c5
9.dxc5 Bxc5 10.Nb3 Nc6  1/2-1/2

[Event "Bodensee-Cup"]
[Site "Steckborn"]
[Date "1997.??.??"]
[Round "2"]
[White "Wachinger, Guenther"]
[Black "Vatter, Hans Joachim"]
[Result "0-1"]
[WhiteElo "2265"]
[BlackElo "2265"]

1.d4 Nf6 2.Bg5 c5 3.Nc3 e6 4.d5 d6 5.e4 a6 6.f4 Be7 7.Nf3 exd5 8.Bxf6 Bxf6
9.e5 dxe5 10.fxe5 Bh4+ 11.g3 d4 12.Nxh4 dxc3 13.Qxd8+ Kxd8 14.O-O-O+ Kc7
15.Bc4 cxb2+ 16.Kxb2 Nc6 17.Bxf7 Nxe5 18.Rhe1 Bg4 19.Rd2 Nc6 20.Re4 Raf8
21.Bd5 Bc8 22.Ng2 Re8 23.Rc4 Re5 24.Rf4 Rd8 25.Rf7+ Rd7 26.Rxd7+ Bxd7 27.Bg8 h6
28.Nf4 Ne7 29.Nd3 Rg5 30.Bh7 b6 31.Nf4 Re5 32.Nd3 Re3 33.c4 Be6 34.Rc2 g5
35.Nf2 Nc6 36.Ne4 Ne5 37.Nd2 Re2 38.h4 Rxd2  0-1

[Event "SVK-chT1W 9798"]
[Site "SVK"]
[Date "1997.??.??"]
[Round "?"]
[White "Timoshchenko, Vera I"]
[Black "Heinrich, Jan"]
[Result "1/2-1/2"]
[WhiteElo "2145"]
[BlackElo "2075"]

1.d4 Nf6 2.Bg5 d5 3.e3 Nbd7 4.c4 e6 5.Nc3 Be7 6.Nf3 O-O 7.Bd3 b6 8.cxd5 exd5
9.O-O Bb7 10.Rc1 c5 11.Qe2 Ne4 12.Bf4 Nxc3 13.Rxc3 c4 14.Bb1 b5 15.Rcc1 Bf6
16.Rfd1 Re8 17.h3 g6 18.Nh2 Qb6 19.Qf3 Rac8 20.Ng4 Bg7 21.Bg5 Qe6 22.Nh6+ Bxh6
23.Bxh6 Nf6 24.Bf4 Ne4 25.Be5 b4 26.Bc2 c3 27.b3 f6 28.Bf4 Kg7 29.g4 Ba6
30.Re1 Bb5 31.Qg2 Qa6 32.g5 Nxg5 33.Bxg5 fxg5 34.Qxd5 Bc6 35.Qxg5 Be4 36.Bxe4 Rxe4
37.Qd5 Rce8 38.Rc2 Qc8 39.Kg2 Qb8 40.a3 bxa3 41.Rxc3 Qb4 42.Rec1 R4e7 43.Qc5 a5
44.Ra1 Qb7+ 45.d5 Rd8 46.Qd4+ Kg8 47.e4 Qb4 48.Rc4 Qxb3 49.d6 Rf7 50.e5 Qf3+
51.Kh2 Qxf2+ 52.Qxf2 Rxf2+ 53.Kg3 Re2 54.Rc5 Kf7 55.Rxa3 Ke6 56.Raxa5 Rf8  1/2-1/2

[Event "SVK-chT1W 9798"]
[Site "SVK"]
[Date "1997.??.??"]
[Round "?"]
[White "Mojzis, Marcel"]
[Black "Biro, Karol"]
[Result "0-1"]
[WhiteElo "2135"]
[BlackElo "2240"]

1.d4 Nf6 2.Bg5 g6 3.Bxf6 exf6 4.e3 d5 5.Bd3 Nc6 6.c3 Ne7 7.Nd2 c6 8.Qf3 Bg7
9.Ne2 h5 10.h3 Bf5 11.e4 dxe4 12.Nxe4 Nd5 13.N2g3 Bc8 14.O-O h4 15.Ne2 f5
16.Nc5 O-O 17.Rad1 b6 18.Nb3 Qf6 19.c4 Nc7 20.Nf4 Bb7 21.Rfe1 Rad8 22.Re2 Ba8
23.a4 Rfe8 24.Rde1 Rxe2 25.Qxe2 Bf8 26.Qc2 Qg5 27.Qc1 Bh6 28.Ne2 Ne6 29.Qxg5 Bxg5
30.Rd1 Bb7 31.a5 Bf6 32.a6 Bc8 33.c5 bxc5 34.Na5 Nxd4 35.Nxd4 Rxd4 36.Nxc6 Rd6
37.Nxa7 Bxa6 38.Bc2 Rxd1+ 39.Bxd1 Bxb2 40.Bc2 Be2 41.Nc6 Kg7  0-1

[Event "SVK-chT1W 9798"]
[Site "SVK"]
[Date "1997.??.??"]
[Round "?"]
[White "Bombek, Peter"]
[Black "Gorusa, Miroslav"]
[Result "1/2-1/2"]
[WhiteElo "2220"]
[BlackElo "2200"]

1.d4 Nf6 2.Bg5 g6 3.Bxf6 exf6 4.c4 d5 5.e3 dxc4 6.Bxc4 Bd6 7.Nc3 O-O 8.Nge2 Nd7
9.O-O c6 10.Rc1 f5 11.g3 Nf6 12.Qc2 Qe7 13.Rfd1 Rd8 14.Bb3 Be6 15.Bxe6 Qxe6
16.d5 cxd5 17.Nd4 Qd7 18.Qb3 Be5 19.Rd3 Rac8 20.Rcd1 Bxd4 21.Rxd4 Rc5 22.Qa3 b6
23.b4 Rc7 24.Qb3 Qc6 25.Nxd5 Nxd5 26.Rxd5 Rxd5 27.Rxd5 Qc1+ 28.Kg2 Qa1 29.Rd8+ Kg7
30.Qd5 Qc3 31.a3 Qc4 32.Qe5+ f6 33.Qe8 Qe4+ 34.Qxe4 fxe4 35.Ra8 Kf7 36.g4 Ke6
37.Re8+ Kd5 38.Rd8+ Kc4 39.Rd4+ Kb3 40.Rxe4 Kxa3 41.Kf3 a5 42.bxa5 bxa5 43.Re6 Rf7
44.Rb6 a4 45.Ke4 f5+ 46.gxf5 Rxf5 47.Rb7 Rh5 48.f4 Rxh2 49.Ke5 h5 50.Kf6 h4
51.e4 h3 52.e5 Rf2 53.Rh7 Rxf4+ 54.Kxg6 Rf3 55.e6 Kb2 56.e7 Re3 57.Kf7 a3
58.Rxh3 Rxe7+  1/2-1/2

[Event "SVK-chT1W 9798"]
[Site "SVK"]
[Date "1997.??.??"]
[Round "?"]
[White "Timoshchenko, Vera I"]
[Black "Rakay, Kvetoslav"]
[Result "1/2-1/2"]
[WhiteElo "2145"]
[BlackElo "2165"]

1.d4 Nf6 2.Bg5 g6 3.Bxf6 exf6 4.e3 Bg7 5.g3 d6 6.Bg2 O-O 7.Ne2 f5 8.c4 c6
9.O-O Nd7 10.Nbc3 Nf6 11.Qc2 Re8 12.Rac1 h5 13.h4 Ng4 14.Nf4 Bf6 15.Rfe1 Kg7
16.Qd3 Bd7 17.f3 Nh6 18.Bf1 a6 19.b4  1/2-1/2

[Event "SVK-chT2 9697"]
[Site "SVK"]
[Date "1997.??.??"]
[Round "1"]
[White "Bombek, Peter"]
[Black "Hanko, Pavel"]
[Result "1/2-1/2"]
[WhiteElo "2225"]
[BlackElo "2195"]

1.d4 Nf6 2.Bg5 g6 3.Bxf6 exf6 4.e3 d5 5.c4 c6 6.Qb3 Qa5+ 7.Nc3 Bb4 8.cxd5 cxd5
9.Bd3 O-O 10.Ne2 Nc6 11.O-O Rd8 12.Rac1 Ne7 13.a3 Bd6 14.Nb5 Bb8 15.Qc3 Qxc3
16.Nbxc3 Be6 17.Rc2 f5 18.Rfc1 a6 19.Na4 Bd6 20.g3 Rdc8 21.Nc5 Rc7 22.Nf4 Bxf4
23.gxf4 Rac8 24.b4 Rb8 25.Kf1 Rcc8 26.Ke2 Kg7 27.Kd2 Kf6 28.Be2 Rc6 29.Bf3 Rcc8
30.Bg2 Rc6 31.Kd3 Rcc8 32.f3 Rc6 33.e4 Rcc8 34.e5+ Kg7 35.Bf1 Kf8 36.Ke3 Ke8
37.b5 axb5 38.Bxb5+ Kd8 39.a4 b6 40.Nd3 Rxc2 41.Rxc2 Rc8 42.Rxc8+ Nxc8 43.Nb4 Na7
44.Nc6+ Nxc6 45.Bxc6 Kc7 46.Be8 Kd8 47.Bb5 Bd7 48.h4 Bxb5 49.axb5 h5  1/2-1/2

[Event "SVK-chT 9798"]
[Site "SVK"]
[Date "1997.??.??"]
[Round "1"]
[White "Zambor, Norbert"]
[Black "Kundrik, Peter"]
[Result "1-0"]
[WhiteElo "2240"]
[BlackElo "2115"]

1.d4 Nf6 2.Bg5 c5 3.d5 Qb6 4.Nc3 Qxb2 5.Bd2 Na6 6.Rb1 Qa3 7.e4 d6 8.Nb5 Qxa2
9.Ra1 Qxa1 10.Qxa1 Nxe4 11.Qa4 Nxd2 12.Nxd6+ Kd8 13.Nxf7+ Kc7 14.Bxa6  1-0

[Event "SVK-chT 9798"]
[Site "SVK"]
[Date "1997.??.??"]
[Round "3"]
[White "Mojzis, Marcel"]
[Black "Ciganikova, Andrea"]
[Result "0-1"]
[WhiteElo "2135"]
[BlackElo "2140"]

1.d4 Nf6 2.Bg5 g6 3.Bxf6 exf6 4.e3 Bg7 5.Bd3 O-O 6.Nd2 f5 7.Qf3 c5 8.c3 d6
9.h3 Qb6 10.O-O-O cxd4 11.exd4 Nc6 12.Ne2 Be6 13.Nc4 Bxc4 14.Bxc4 Rac8 15.Qd5 Nxd4
16.Nxd4 Rc5 17.Qf3 Rxc4 18.Ne2 Re8 19.Kb1 a5 20.Rd3 Rce4 21.Rd2 Bh6 22.Rc2 Qb5
23.Nc1 Re1 24.g4 Qc6 25.Rxe1 Rxe1 26.Qg3 Bxc1 27.Rxc1 Qe4+  0-1

[Event "SVK-chT2 9697"]
[Site "SVK"]
[Date "1997.??.??"]
[Round "3"]
[White "Bombek, Peter"]
[Black "Banas, Kamil"]
[Result "1-0"]
[WhiteElo "2225"]
[BlackElo "2045"]

1.d4 Nf6 2.Bg5 d5 3.Bxf6 gxf6 4.e3 Bf5 5.c4 c6 6.Qb3 Qd7 7.Nc3 e6 8.Nf3 Bd6
9.Rc1 O-O 10.Be2 Kh8 11.Nh4 Bg6 12.f4 dxc4 13.Qxc4 f5 14.O-O Na6 15.Kh1 Nc7
16.Qb3 Rab8 17.Na4 Nd5 18.Nc5 Bxc5 19.Rxc5 Qe7 20.g3 f6 21.Bf3 Rbd8 22.Bxd5 exd5
23.Qd3 Qe6 24.Rc3 Qd7 25.g4 fxg4 26.Nxg6+ hxg6 27.Qxg6 f5 28.h3 Rg8 29.Qf6+ Qg7
30.Qxf5 Rd6 31.hxg4 Rf6 32.Qe5 Qh7+ 33.Kg2 Rxg4+ 34.Kf3 Qh3+ 35.Ke2 Rg2+
36.Rf2 Qg4+ 37.Ke1 Rg1+ 38.Rf1 Qg3+ 39.Ke2 Qg2+ 40.Rf2 Qg4+ 41.Kd3 Kg7 42.Rcc2 a5
43.Rcd2 Rg3 44.f5 b5 45.Qe7+ Rf7 46.f6+ Kg6 47.Qe8 Qe4+ 48.Qxe4+ dxe4+ 49.Kxe4 Rxf6
50.Rxf6+  1-0

[Event "SVK-chT2 9697"]
[Site "SVK"]
[Date "1997.??.??"]
[Round "8"]
[White "Bombek, Peter"]
[Black "Travenec, Igor"]
[Result "1-0"]
[WhiteElo "2225"]
[BlackElo "2225"]

1.d4 Nf6 2.Bg5 d5 3.Bxf6 exf6 4.e3 c6 5.c4 Qb6 6.Qd2 Bf5 7.Nc3 Bb4 8.a3 Bxc3
9.Qxc3 O-O 10.Nf3 Re8 11.Be2 Nd7 12.O-O Nf8 13.Rac1 Ne6 14.cxd5 cxd5 15.Qd2 Rac8
16.Rxc8 Rxc8 17.Rc1 Rc6 18.Kf1 h6 19.Rxc6 Qxc6 20.Ke1 Be4 21.Qc3 Nc7 22.Qxc6 bxc6
23.Kd2 Kf8 24.Kc3 Ke7 25.Kb4 Kd6 26.Ne1 Ne6 27.f3 Bb1 28.Bd3 Bxd3 29.Nxd3 f5
30.Kc3 f6 31.b4 Nc7 32.a4 Na8 33.b5 Nb6 34.Nb2 cxb5 35.axb5 Na8 36.Kb4 Nc7
37.Nd3 Ne8 38.Ka5 Ke6 39.Nb4 Nd6 40.Ka6 g5 41.Nc6 f4 42.exf4 Kf5 43.fxg5 fxg5
44.Nxa7 Kf4 45.Nc6 Ke3 46.b6 Kf2 47.Ne5  1-0

[Event "SVK-chT2 9697"]
[Site "SVK"]
[Date "1997.??.??"]
[Round "10"]
[White "Zambor, Norbert"]
[Black "Travenec, Igor"]
[Result "1/2-1/2"]
[WhiteElo "2195"]
[BlackElo "2225"]

1.d4 Nf6 2.Bg5 d5 3.Nc3 Nbd7 4.f3 h6 5.Bf4 c6 6.e4 Qb6 7.e5 Qxb2 8.Bd2 Ng8
9.e6 fxe6 10.Bd3 e5 11.Bg6+ Kd8 12.Nge2 Ngf6 13.f4 exd4 14.Nxd4 Nc5 15.Rb1 Qa3
16.O-O e6 17.Rf3 Qa6  1/2-1/2

[Event "SWZ-chT9697"]
[Site "SWZ"]
[Date "1997.??.??"]
[Round "?"]
[White "Gilles, Raphael"]
[Black "Borner, Daniel"]
[Result "0-1"]
[WhiteElo "2270"]
[BlackElo "2270"]

1.d4 Nf6 2.Bg5 c5 3.d5 Qb6 4.Nc3 Qxb2 5.Bd2 Qb6 6.e4 e5 7.f4 d6 8.fxe5 dxe5
9.Nf3 Bd6 10.Rb1 Qd8 11.Bd3 Nbd7 12.O-O a6 13.Nh4 O-O 14.Bg5 c4 15.Bxc4 Qc7
16.Qd3 b5 17.Bb3 Nc5 18.Qf3 Ne8 19.Nd1 a5 20.c3 Nxb3 21.axb3 Bc5+ 22.Kh1 Nd6
23.Ne3 f6 24.Nc2 Bd7 25.Bd2 a4 26.Qd3 axb3 27.Rxb3 Ra2 28.Nb4 Bxb4 29.cxb4 Qc4
30.Nf3 Nxe4 31.Be3 Rc8 32.d6 Bf5 33.Qd1 Nxd6 34.Rb1 Bxb1 35.Qxb1 Qc2 36.Bc5 Qxg2+  0-1

[Event "EU-ch U18 Girls"]
[Site "Tallinn"]
[Date "1997.??.??"]
[Round "4"]
[White "Trtanj, Tina"]
[Black "Ionica, Iulia"]
[Result "1/2-1/2"]
[WhiteElo "2055"]
[BlackElo "2235"]

1.d4 Nf6 2.Bg5 g6 3.Bxf6 exf6 4.c4 Bg7 5.Nc3 d6 6.Nf3 Nc6 7.e3 O-O 8.Be2 f5
9.O-O Re8 10.Rc1 g5 11.Nd5 h6 12.b4 Ne7 13.Qc2 c6 14.Nc3 Ng6 15.Bd3 g4 16.Nd2 Qg5
17.Rce1 Bd7 18.Nb3 Nf8 19.f4 Qf6 20.e4 fxe4 21.Nxe4 Qd8 22.Nxd6 Rxe1 23.Rxe1 Ne6
24.Bh7+ Kf8 25.Qe4 Qf6 26.Bf5 Ng5 27.fxg5 Qxd6 28.gxh6 Bxh6 29.Bxd7 Qxd7
30.Nc5 Qc7 31.Qxg4 Bg7 32.Re4 Rd8 33.Rf4 Rd6 34.Nd3 Qe7 35.Re4 Rxd4 36.Qxg7+ Kxg7
37.Rxe7 Rxd3 38.Rxb7 Rd1+ 39.Kf2 Rd2+ 40.Kf3 Rxa2 41.h4 a5 42.b5 cxb5 43.cxb5 a4
44.Ra7 Rb2 45.Rxa4 Rxb5 46.Kg4 Rc5 47.Rf4 Kg6 48.g3 Ra5 49.Rc4 Ra6 50.h5+ Kh6
51.Kh4 f5 52.Rc5 Ra4+ 53.Kh3 Kxh5 54.Rxf5+ Kg6 55.Rb5 Rc4 56.g4 Ra4 57.Kh4 Ra6
58.Rg5+ Kh6 59.Rg8 Kh7 60.Rc8 Kg6 61.Rc4 Rb6 62.Rf4 Rb5 63.g5 Rxg5 64.Rg4  1/2-1/2

[Event "EU-ch U18 Girls"]
[Site "Tallinn"]
[Date "1997.??.??"]
[Round "9"]
[White "Trtanj, Tina"]
[Black "De Mie, Mariska"]
[Result "1/2-1/2"]
[WhiteElo "2055"]
[BlackElo "2150"]

1.d4 Nf6 2.Bg5 g6 3.Bxf6 exf6 4.c4 Bg7 5.Nc3 O-O 6.Nf3 d6 7.e3 Nc6 8.Be2 f5
9.O-O Ne7 10.Qc2 c6 11.b4 h6 12.Rad1 a6 13.a3 b5 14.c5 d5 15.Ne5 Qc7 16.Nd3 Be6
17.Nf4 Ra7 18.Nxe6 fxe6 19.f4 Kh7  1/2-1/2

[Event "Tampere Elo Taraus op"]
[Site "Tampere"]
[Date "1997.??.??"]
[Round "6"]
[White "Puranen, Jukka"]
[Black "Sepp, Olav"]
[Result "1/2-1/2"]
[WhiteElo "2330"]
[BlackElo "2425"]

1.d4 Nf6 2.Bg5 c5 3.Nc3 Qb6 4.Bxf6 gxf6 5.Nd5 Qa5+ 6.Qd2 Qxd2+ 7.Kxd2 Kd8
8.dxc5 Na6 9.g3 Nxc5 10.Bg2 e6 11.Nc3 f5 12.e3 d5 13.Rd1 Bg7 14.Nge2 Bd7
15.Kc1 Rc8 16.Nd4 a6 17.Kb1 Rc7 18.h3 Ne4 19.Nxe4 fxe4 20.Rd2 Ke7 21.Rhd1 Rhc8
22.c3 b5 23.Bf1 Rb8 24.a3 a5 25.Rc1 b4 26.axb4 axb4 27.c4 b3 28.Rc3 dxc4
29.Bxc4 Rbc8 30.Bxb3 Rxc3 31.bxc3 Rxc3 32.Kb2 Rc7 33.Bc2 f5 34.g4 Be5 35.Kc1 Bxd4
36.Rxd4 e5 37.Rb4 fxg4 38.hxg4 Bxg4 39.Kd2 Rd7+ 40.Kc3 h5 41.Bxe4 Kf6 42.f4 exf4
43.exf4  1/2-1/2

[Event "Tatry op"]
[Site "Tatranska Lomnica"]
[Date "1997.??.??"]
[Round "3"]
[White "Trojacek, Pavel"]
[Black "Sejkora, Vlastimil"]
[Result "0-1"]
[WhiteElo "2150"]
[BlackElo "2270"]

1.d4 Nf6 2.Bg5 g6 3.Bxf6 exf6 4.e4 Bg7 5.Nf3 d6 6.Bd3 O-O 7.O-O Nc6 8.c3 Ne7
9.Re1 c6 10.Nbd2 Be6 11.Qe2 d5 12.e5 fxe5 13.Nxe5 Rc8 14.Ndf3 Bf5 15.h3 Bxd3
16.Nxd3 Nf5 17.Nfe5 Nd6 18.Qg4 Rc7 19.Re2 Re8 20.Rae1 Ree7 21.Nxc6 bxc6  0-1

[Event "Tatry op"]
[Site "Tatranska Lomnica"]
[Date "1997.??.??"]
[Round "7"]
[White "Trojacek, Pavel"]
[Black "Gutdeutsch, Otto"]
[Result "1/2-1/2"]
[WhiteElo "2150"]
[BlackElo "2180"]

1.d4 Nf6 2.Bg5 d5 3.Bxf6 gxf6 4.Nf3 Bh6 5.e3 Bg4 6.c4 c6 7.Nc3 e6 8.cxd5 cxd5
9.h3 Bxf3 10.Qxf3 Ke7 11.Bd3 Nc6 12.O-O f5 13.Rac1 a6 14.a3 Rc8 15.Rfd1 Qd6
16.b4 Rhg8 17.Bxf5 Rg5 18.Bd3 Rcg8 19.Bf1 Rg3 20.fxg3 Rxg3 21.Qh5 Bxe3+ 22.Kh1 Qf4
23.Ne2 Qf2 24.Qh4+ Rg5 25.Qxf2 Bxf2 26.Rxc6 bxc6 27.Ng1 Rg8 28.Bxa6 Ra8 29.Bb7 Rxa3
30.Bxc6 Rc3 31.b5 Rc4 32.Nf3 Rb4 33.Ne5 Bxd4 34.Rxd4 Rxd4 35.b6 Kd6 36.b7 Rd1+
37.Kh2 Rb1 38.Nd7 Kxc6 39.b8=Q Rxb8 40.Nxb8+ Kd6 41.Kg3 e5 42.Kf3 f5 43.Na6 d4
44.Nb4 e4+ 45.Kf4 d3 46.Ke3 f4+ 47.Kd2 Ke5 48.Nxd3+ exd3 49.Kxd3 h6 50.g3 fxg3
51.Ke3 h5 52.h4  1/2-1/2

[Event "Czerniak mem Bikurei Haitim"]
[Site "Tel Aviv"]
[Date "1997.??.??"]
[Round "6"]
[White "Summerscale, Aaron"]
[Black "Krays, Alexander"]
[Result "1/2-1/2"]
[WhiteElo "2500"]
[BlackElo "2375"]

1.d4 Nf6 2.Bg5 c5 3.d5 Qb6 4.Nc3 Qxb2 5.Bd2 Qb6 6.e4 d6 7.f4 c4 8.Bxc4 Qc7
9.Qe2 Bg4 10.Qf1 Nbd7 11.f5 g6 12.h3 Bh5 13.g4 Bg7 14.Rb1 a6 15.Bd3 Bxg4
16.hxg4 Nxg4 17.Nd1 Nc5 18.Nf3 Nf6 19.fxg6 hxg6 20.Rxh8+ Bxh8 21.Ng5 Bg7
22.Qf3 Qd7 23.Be3 Rc8 24.Bf1 Rc7 25.Nb2 Na4 26.Nxa4 Qxa4 27.Bd3 Qxa2 28.Rb6 Bh6
29.Ke2 Bxg5 30.Bxg5 Nd7 31.Rb4 Ne5 32.Qh3 Nxd3 33.Qh8+ Kd7 34.Qh3+ f5 35.Qxd3 Rxc2+
36.Bd2 fxe4 37.Rxe4 Rc5 38.Qh3+ Kc7 39.Rxe7+ Kb8 40.Qh8+ Ka7 41.Qg7 Qb3 42.Be3 Qc4+
43.Ke1 Qb4+ 44.Kf1 Qc4+ 45.Kf2 Qh4+ 46.Kf3 Qh3+ 47.Kf2 Qh4+ 48.Kf3  1/2-1/2

[Event "DEN-chJ int"]
[Site "Tingkaerskolen"]
[Date "1997.??.??"]
[Round "1"]
[White "Skytte, Rasmus"]
[Black "Bobras, Piotr"]
[Result "0-1"]
[WhiteElo "2195"]
[BlackElo "2295"]

1.d4 Nf6 2.Bg5 g6 3.Bxf6 exf6 4.e4 Bg7 5.Nf3 O-O 6.Bd3 Nc6 7.O-O f5 8.exf5 Nxd4
9.Nxd4 Bxd4 10.fxg6 hxg6 11.c3 Bg7 12.f4 d5 13.f5 Qg5 14.fxg6 fxg6 15.Rxf8+ Bxf8
16.Na3 Bg4 17.Qc2 Bc5+ 18.Kh1 Kg7 19.Be2 Be6 20.Qd3 Rh8 21.h3 Be3  0-1

[Event "Torre Blanca op"]
[Site "Torre Blanca"]
[Date "1997.??.??"]
[Round "1"]
[White "Pizarro, Pablo"]
[Black "Felgaer, Ruben"]
[Result "1/2-1/2"]
[WhiteElo "2145"]
[BlackElo "2285"]

1.d4 Nf6 2.Bg5 c5 3.Bxf6 gxf6 4.d5 Qb6 5.Qc1 d6 6.g3 Bg7 7.Nd2 f5 8.c3 O-O
9.Nh3 Nd7 10.Nf4 Nf6 11.Bg2 Qa6 12.a4 e5 13.Nd3 f4 14.b4 fxg3 15.hxg3 cxb4
16.cxb4 Qb6 17.Nc4 Qd8 18.Qg5 Ng4 19.Qxd8 Rxd8 20.e4 f5 21.f3 fxe4 22.fxe4 Bh6
23.Ke2 Bg5 24.b5 Nf6 25.Nf2 h5 26.Bh3 Bxh3 27.Rxh3 Rac8 28.Kd3 Rc5 29.Ra2 Kf7
30.Rc2 Ke7 31.Nd1 Rdc8 32.Nde3 Bxe3 33.Nxe3 Rxc2 34.Nxc2 Ng4 35.Rxh5 Nf2+
36.Ke3 Rxc2 37.Rh7+ Kd8 38.Rxb7 Ng4+ 39.Kf3 Nf6 40.Rxa7 Rc3+ 41.Ke2 Nxe4
42.b6 Nxg3+ 43.Ke1 Ne4 44.a5 Nc5 45.a6 Rb3 46.Ra8+ Kd7 47.a7 Rxb6  1/2-1/2

[Event "Ubeda op"]
[Site "Ubeda"]
[Date "1997.??.??"]
[Round "4"]
[White "Miles, Anthony J"]
[Black "Matamoros Franco, Carlos S"]
[Result "1-0"]
[WhiteElo "2550"]
[BlackElo "2480"]

1.d4 Nf6 2.Bg5 c5 3.d5 e5 4.Nc3 d6 5.e4 Be7 6.Nf3 O-O 7.Be2 Nbd7 8.O-O Kh8
9.a4 Ng8 10.Be3 g6 11.Nd2 f5 12.exf5 gxf5 13.f4 Ngf6 14.Nc4 e4 15.Bc1 Rg8
16.b3 Ne8 17.Bb2 Bf6 18.Kh1 Qe7 19.Qd2 Bd4 20.g3 Ndf6 21.Nd1 Bxb2 22.Ndxb2 Qg7
23.Ne3 Bd7 24.Nbc4 Rd8 25.Qa5 Rc8 26.Qxa7 Qh6 27.Rg1 Nh5 28.Bxh5 Qxh5 29.Qa5 Rg6
30.Raf1 Qh3 31.Rf2 Nf6 32.Nxd6 Rf8 33.Qxc5 Nh5 34.Nexf5 e3 35.Rfg2  1-0